000 00271 a2200085 4500
100 1 _aGorcakov, V.S..
_eAutor
245 0 _aCifrovoj izmeritel'nyj kompleks /
_cGorcakov V.S..
710 2 _aRadio i Svjaz'.
_eWydawca
_4pbl
260 _aMoskva :
_bRadio i Svjaz',
_c1986.
300 _a88 s.:
_bil.;
_c21 cm.
999 _c6764
_d6764